Law and identity: lawyers, native Americans, and legal practice
| Main Author: | |
|---|---|
| Format: | Print Book |
| Language: | English |
| Published: |
Beverly Hills, Calif. [u.a.]
Sage
1978
|
| In: |
Sage library of social research (62)
Year: 1978 |
| Edition: | 1. print. |
| Availability in Tübingen: | Present in Tübingen. UB: KB 9 A 484 |
| Check availability: | HBZ Gateway |
| Subito Delivery Service: | Order now. |
| Keywords: |
MARC
| LEADER | 00000cam a2200000 c 4500 | ||
|---|---|---|---|
| 001 | 039572072 | ||
| 003 | DE-627 | ||
| 005 | 20251219213235.0 | ||
| 007 | tu | ||
| 008 | 861114s1978 xxu||||| 00| ||eng c | ||
| 010 | |a 78000588 | ||
| 020 | |a 0803909802 |9 0-8039-0980-2 | ||
| 020 | |a 0803909799 |c (pbk.) |9 0-8039-0979-9 | ||
| 035 | |a (DE-627)039572072 | ||
| 035 | |a (DE-576)012315877 | ||
| 035 | |a (DE-599)GBV039572072 | ||
| 035 | |a (OCoLC)3627699 | ||
| 035 | |a (OCoLC)03627699 | ||
| 040 | |a DE-627 |b ger |c DE-627 |e rakwb | ||
| 041 | |a eng | ||
| 044 | |c XD-US | ||
| 050 | 0 | |a KIE80 | |
| 082 | 0 | |a 346/.73/013 | |
| 084 | |a 6,33 |2 ssgn | ||
| 100 | 1 | |8 1\p |a Medcalf, Linda |d 1944- |0 (DE-588)172567564 |0 (DE-627)697503054 |0 (DE-576)133427331 |4 aut | |
| 109 | |a Medcalf, Linda 1944- |a Medcalf, Linda J. 1944- | ||
| 245 | 1 | 0 | |a Law and identity |b lawyers, native Americans, and legal practice |c Linda Medcalf |
| 250 | |a 1. print. | ||
| 264 | 1 | |a Beverly Hills, Calif. [u.a.] |b Sage |c 1978 | |
| 300 | |a 147 S. | ||
| 336 | |a Text |b txt |2 rdacontent | ||
| 337 | |a ohne Hilfsmittel zu benutzen |b n |2 rdamedia | ||
| 338 | |a Band |b nc |2 rdacarrier | ||
| 490 | 1 | |a Sage library of social research |v 62 | |
| 500 | |a Literaturverz. S. 141 - 145 | ||
| 583 | 1 | |a Massenentsäuert |c 2010 |2 pdager |5 DE-18 | |
| 583 | 1 | |a Archivierung prüfen |c 20200919 |f DE-640 |z 2 |2 pdager | |
| 650 | 0 | |a Practice of law |z United States | |
| 650 | 0 | |a Indians of North America |x Legal status, laws, etc | |
| 830 | 0 | |a Sage library of social research |v 62 |9 62 |w (DE-627)129414859 |w (DE-576)008565120 |w (DE-600)189217-4 |7 am | |
| 883 | |8 1\p |a cgwrk |d 20241001 |q DE-101 |u https://d-nb.info/provenance/plan#cgwrk | ||
| 951 | |a BO | ||
| ELC | |b 1 | ||
| LOK | |0 000 xxxxxcx a22 zn 4500 | ||
| LOK | |0 001 3247516417 | ||
| LOK | |0 003 DE-627 | ||
| LOK | |0 004 039572072 | ||
| LOK | |0 005 20020606000000 | ||
| LOK | |0 008 910212||||||||||||||||ger||||||| | ||
| LOK | |0 040 |a DE-21 |c DE-627 |d DE-21 | ||
| LOK | |0 852 |a DE-21 | ||
| LOK | |0 852 1 |c KB 9 A 484 |9 00 | ||
| LOK | |0 935 |a krim | ||
| LOK | |0 936ln |a k10.2.1 | ||
| LOK | |0 939 |a 12-02-91 |b l01 | ||
| ORI | |a SA-MARC-krimdoka001.raw | ||
| SIG | |a UB: KB 9 A 484 | ||
